000 00653nam a2200241Ia 4500
003 OSt
005 20221007101239.0
006 a|||||r|||| 00| 0
007 ta
008 221006b |||||||| |||| 00| 0 eng d
024 _a6,095
037 _cTextual
040 _aLCO
_cLCO
_beng
041 _2eng
_aeng
082 _aZ3,92980aY:2, L1
100 _aSMITH DE S A
_9697101
245 0 _aConstitutional and Administrative Law.
260 _aAustralia
_bPenguin Books
_c1971
300 _a712
650 _aADMINISTRATIVE LAW
_9681514
942 _hZ3,92980aY:2, L1
_cTEXL
999 _c1175658
_d1175658